| 000 | 00500nam a2200181Ia 4500 | ||
|---|---|---|---|
| 001 | 21287 | ||
| 005 | 20260306172908.0 | ||
| 008 | 260306t2021||||xx |||||||||||||| ||spa|| | ||
| 041 | _aESP | ||
| 082 |
_a344.522 _bV32 |
||
| 100 |
_aVargas Meléndez, Rikell _eAUT |
||
| 245 | 0 |
_aLos delitos sexuales y cuestiones probatorias: _bindicios, evidencias y testimonio de la víctima |
|
| 260 | _c2021 | ||
| 300 |
_a669 páginas : _c25 cm. |
||
| 650 | _aGEN | ||
| 654 | _aCDE | ||
| 942 |
_cLIB _dJUS _fJUS _2ddc _n |
||
| 999 |
_c21287 _d21287 |
||